People and performance : the best of Peter Drucker on management

Bibliographic Details
Main Author: Drucker, Peter F
Format: Book
Published: Boston : Harvard Business School Press , 2007
Subjects:

MARC

LEADER 00000cam a2200000 7i4500
001 0000119805
005 20080423.0
020 |a 9781422120651 
090 0 0 |a 658.4   |b DRU 
100 1 |a Drucker, Peter F 
245 1 0 |a People and performance :   |b the best of Peter Drucker on management   |c Peter F. Drucker 
260 |a Boston :   |b Harvard Business School Press ,   |c 2007 
300 |a 317p. ;   |c 24cm. 
650 0 0 |a Management 
999 |a 00212071   |b BUKU   |c PINJAMAN   |e PERPUSTAKAAN KOMUNITI PETALING JAYA